[Event "Jaen-ch Seniors 1st"]
[Site "Jaen"]
[Date "2018.03.18"]
[Round "3.3"]
[White "Sanchez Escabias, Blas"]
[Black "Reyes Romera, Pedro"]
[Result "0-1"]
[WhiteElo "1570"]
[BlackElo "1932"]
[PlyCount "114"]
[EventDate "2018.03.17"]
[EventType "swiss"]
[EventRounds "6"]
[EventCountry "ESP"]
[SourceTitle "EXT 2024"]
[Source "ChessBase"]
[SourceDate "2023.10.10"]
[SourceVersion "1"]
[SourceVersionDate "2023.10.10"]
[SourceQuality "1"]

1. e4 e5 2. Nf3 Nc6 3. Bb5 d6 4. d4 exd4 5. Nxd4 Bd7 6. 0-0 Be7 7. Nc3 Nf6 8. Re1 0-0 9. Nxc6 Bxc6 10. Bd3 Qd7 11. Bg5 h6 12. Bh4 Rfe8 13. b4 Qg4 14. Qxg4 Nxg4 15. Bxe7 Rxe7 16. b5 Be8 17. Nd5 Rd7 18. f4 Nf6 19. Nxf6+ gxf6 20. Re3 d5 21. exd5 Rxd5 22. c4 Rd4 23. Rae1 Bd7 24. g3 Be6 25. Rc1 Rad8 26. Rc3 f5 27. a4 Kg7 28. Kf2 b6 29. Bf1 Rd2+ 30. Kf3 Rxh2 31. Red3 Rd2 32. Ke3 R2xd3+ 33. Rxd3 Re8 34. Kd4 h5 35. Re3 Rd8+ 36. Kc3 Rd1 37. Bd3 Kf6 38. Kc2 Ra1 39. Kb3 Rh1 40. Kb4 h4 41. gxh4 Rxh4 42. Rf3 Kg6 43. Rf2 Kf6 44. a5 Rh3 45. Be2 Re3 46. Ka4 Ke7 47. axb6 axb6 48. Bf1 Re1 49. Kb4 Kd6 50. Kc3 Kc5 51. Kc2 Ra1 52. Kb2 Ra4 53. Kb3 Rb4+ 54. Kc3 Bxc4 55. Bxc4 Rxc4+ 56. Kd3 Kxb5 57. Rb2+ Rb4 0-1

[Event "Jaen-ch Seniors 1st"]
[Site "Jaen"]
[Date "2018.03.17"]
[Round "1.2"]
[White "Linares Blanco, Antonio"]
[Black "Reyes Romera, Pedro"]
[Result "1/2-1/2"]
[WhiteElo "1649"]
[BlackElo "1932"]
[PlyCount "45"]
[EventDate "2018.03.17"]
[EventType "swiss"]
[EventRounds "6"]
[EventCountry "ESP"]
[SourceTitle "EXT 2024"]
[Source "ChessBase"]
[SourceDate "2023.10.10"]
[SourceVersion "1"]
[SourceVersionDate "2023.10.10"]
[SourceQuality "1"]

1. d4 d5 2. Nf3 Nf6 3. Bf4 c5 4. e3 Nc6 5. c3 c4 6. a4 Nh5 7. Be5 Nxe5 8. dxe5 g6 9. Nd4 Ng7 10. Nd2 Ne6 11. Qc2 Bg7 12. f4 Nxd4 13. exd4 Bf5 14. Qd1 Qb6 15. b4 a5 16. b5 h5 17. Be2 e6 18. Kf2 Qd8 19. g3 b6 20. Nf1 Qe7 21. Ne3 Be4 22. Bf3 Bxf3 23. Qxf3 1/2-1/2